Vainqueur des worlds de League of Legends - Statistiques

Statistiques générales
  • Ce quiz a été pris 149 fois
  • Le résultat moyen est 7 sur 10
Answers on the Grid
Answers color-coded by a green-red scale on the quiz's grid according to % correct below.
Fnatic
Taipei assassins
SK Telecom T1
Samsung White
Samsung Galaxy
Invictus Gaming
FunPlus Phoenix
DAMWON Gaming
Edward Gaming
DragonX
G2
against All authority
ROX Tigers
Weibo Gaming
Karmin Corp
Vitality
DetonatioN FocusMe
Unicorn OF Love
Gambit
AGO ROGUE
Bilibili Gaming
Royal Never Give Up
KT Rolster
Griffin
 
Statistiques - réponses
Réponse % Correct
SK Telecom T1
89%
Fnatic
76%
Invictus Gaming
72%
Samsung Galaxy
72%
Samsung White
71%
Taipei assassins
71%
DAMWON Gaming
70%
Edward Gaming
68%
FunPlus Phoenix
64%
DragonX
47%
Aucun quiz correspondant
Distribution des résultats
% des personnes avec chaque résultat
Percentile par nombre de réponses
Votre historique - résultats
Vous n’avez pas pris ce quiz